Culture générale, de A à Z - n°2 - Statistiques

Statistiques générales
  • Ce quiz a été pris 142 fois
    110 depuis la dernière actualisation
  • Le résultat moyen est 18 sur 26
Statistiques - réponses
Indices Réponses % Correct
Plus haut sommet du monde culminant à 8849 mètres Everest
95%
Nom du compositeur allemand à l'origine de la célèbre 5ème symphonie Beethoven
90%
De la famille des instruments à corde, il peut être à queue, vertical ou encore numérique Piano
88%
Nom d'un peintre et artiste excentrique espagnol décédé en 1989 Dali
87%
Vêtement traditionnel des hommes dans les Highlands écossais Kilt
87%
Homme de lettres français, particulièrement connu pour ses fables Jean de la Fontaine
84%
Instrument de musique constitué de lames que l'on frappe avec de petits maillets Xylophone
84%
Recettes de cuisine italienne comprenant plusieurs couches à base de sauce tomate, ricotta, béchamel... Lasagnes
82%
Sigle du premier club de foot français a avoir remporté la ligue des champions OM
81%
Pays du Moyen Orient, frontalier de l'Arabie Saoudite et d'Oman Yémen
80%
La Joconde peinte par Léonard de Vinci est son portrait Mona Lisa
78%
Lézard de la famille des sauriens, son corps est recouvert d'écailles et sa queue d'épines Iguane
77%
Région française, théâtre de l'opération overlord durant la seconde guerre mondiale Normandie
74%
Document décrivant l'action d'un film comprenant indications techniques et dialogues Scénario
71%
Élément chimique dont l'isotope radioactif n°14 permet la datation d'objets Carbone
70%
Plante de la famille des Liliacées dont la fleur est associée à l'amour passionnel Tulipe
69%
Célèbre sculpteur français, prénommé Auguste Rodin
67%
Considéré en botanique comme un faux fruit, sa chair est rouge vif et dont les aspérités sont nommées les akènes Fraise
66%
Polygone comportant 4 cotés, tel que le trapèze Quadrilatère
66%
Medecin grec considéré comme le père de la medecine Hippocrate
65%
Égérie de Tarantino, notamment sur les films Kill Bill et Pulp Fiction Uma Thurman
49%
Peuple autochtone d'Australie, premiers humains connus à avoir habité l'île Aborigène
48%
Véritable Nom de famille d'Eisenberg dans la série Breaking Bad White
48%
Guerrières au service d'Odin dans la mythologie nordique Valkyrie
45%
Groupe de musique ayant interprété "La Grange" et "Gimme all your lovin" ZZ Top
37%
Scenariste de bande dessinée ayant travaillé entre autres sur Iznogoud, les Dingossiers ou Lucky Luke Goscinny
35%
Aucun quiz correspondant
Distribution des résultats
% des personnes avec chaque résultat
Percentile par nombre de réponses
Votre historique - résultats
Vous n’avez pas pris ce quiz depuis la dernière actualisation